Loading...

ഞാനെന്ന ഭാവം

Bibliographic Details
Main Authors: ടി എ രാജലക്ഷ്മി, T A Rajalakshmi
Format: Printed Book
Published: Thrissur; Current Books; 1994
Edition:1st
Subjects:
LEADER 00722nam a22001817a 4500
082 |a 894.M3  |b RAJ16/N N4 
100 |a ടി എ രാജലക്ഷ്മി;  |9 17367 
100 |a T A Rajalakshmi  |9 17368 
240 |a Njanenna bhavam 
245 |a ഞാനെന്ന ഭാവം 
250 |a 1st 
260 |a Thrissur;  |b Current Books;  |c 1994 
300 |a 80p. 
650 |a മലയാളം; മലയാളം നോവല്‍  |9 17369 
650 |a Malayalam; Malayalam Novel; Literature; Malayalam Fiction  |9 17370 
942 |c BK 
999 |c 33693  |d 33693 
952 |0 0  |1 0  |4 0  |6 894_000000000000000_M3_RAJ16_N_N4  |7 0  |8 FIC  |9 37346  |a MAL  |b MAL  |d 2015-05-16  |e 42227  |g 20.00  |l 0  |o 894.M3 RAJ16/N N4  |p MAL042227  |r 2015-05-16  |t 1  |w 2015-05-16  |y BK